[Event "Marienbad Open-A2 2019"]
[Site "Marianske Lazne"]
[Date "2019.01.24"]
[Round "7"]
[White "Kulkarni Bhakti"]
[Black "Kriebel, Tadeas"]
[Result "1/2-1/2"]
[WhiteElo "2303"]
[BlackElo "2519"]
[Annotator "TA"]
[PlyCount "79"]
[EventDate "2019.01.17"]
[EventType "tourn"]
[EventCountry "CZE"]
[SourceTitle "playchess.com"]
[Source "ChessBase"]
[SourceQuality "1"]

{[%evp 21,79,-19,22,0,27,-11,-10,-14,0,0,0,0,0,0,0,0,0,0,0,-9,-17,-16,-3,-12,6,6,8,-20,0,-27,-27,-30,-25,-29,-18,-23,-18,-18,-18,-18,-20,-20,-20,-20,-20,-23,-23,-27,-27,-31,-32,-34,-27,-27,-27,-27,-27,-27,-27,-27]} 1. e4 e5 2. Nf3 Nc6 3. Nc3 Nf6 4. d4 exd4 5. Nxd4 Bb4 6. Nxc6 bxc6 7. Bd3 d5 8. exd5 cxd5 9. O-O O-O 10. h3 {C47: Scotch Four Knights and Four Knights with 4 g3} Be6 (10... c6 11. Qf3 Bd6 12. Bf4 Be6 13. b3 c5 14. Rad1 Bxf4 15. Qxf4 Qa5 16. Qd2 c4 17. Be2 Rac8 18. bxc4 dxc4 {0-1 (28) Morozevich,A (2656)-Mamedyarov,S (2817) St Petersburg 2018}) 11. Qf3 c5 {[%cal Bc7c5,Bc5c4][%mdl 32] LiveBook: 8 Publish game on website} 12. Bg5 {The position is equal.} c4 13. Bf5 Bxc3 14. bxc3 Qc8 $146 ({You set blue moves yourself with the critical opening position annotation.:} 14... Qd7 15. Bxf6 Bxf5 16. Qg3 Bg6 17. Bd4 f6 {½-½ (59) Arsic,D (2064)-Demidov,J (1921) Budva 2013}) 15. Bxf6 Bxf5 16. Qg3 {[%csl Gf6][%cal Rg3g7] [#]} Bg6 17. Bd4 f6 18. Rfe1 Qd7 19. Re2 Rae8 20. Rae1 Rxe2 21. Rxe2 a6 22. a3 Bh5 23. Re1 Bg6 24. Re2 Kh8 25. Kh2 Re8 26. Rxe8+ Bxe8 27. Qb8 h6 28. Qb6 Qc6 29. Qxc6 Bxc6 $11 {[%mdl 4096] General book An&L-An&L} 30. Kg3 Ba4 31. Kf4 Bxc2 32. h4 Kg8 33. g3 Kf7 34. Ke3 Ke6 35. Bc5 h5 36. Kf4 g6 37. Bd4 {Black has an edge.} a5 {[%cal Ba6a5,Ba5a4][%mdl 32]} 38. Bb6 a4 39. Bd4 Bd3 40. Bc5 {NOTEXT-4805: Tournament = 72%, Annotator = 54%.} 1/2-1/2

[Event "Marienbad Open-A2 2019"]
[Site "Marianske Lazne"]
[Date "2019.01.25"]
[Round "8"]
[White "Kovalev, Andrei"]
[Black "Kulkarni Bhakti"]
[Result "1-0"]
[WhiteElo "2520"]
[BlackElo "2303"]
[Annotator "TA"]
[PlyCount "81"]
[EventDate "2019.01.17"]
[EventType "tourn"]
[EventCountry "CZE"]
[SourceTitle "playchess.com"]
[Source "ChessBase"]
[SourceQuality "1"]

{[%evp 14,81,22,27,33,31,27,27,37,30,35,25,21,18,25,18,42,45,60,46,74,72,77,77,77,77,77,79,88,77,82,73,68,61,66,53,87,81,108,78,97,83,89,86,95,20,78,67,59,41,157,150,156,163,189,154,330,307,503,500,660,548,818,811,705,408,1298,1315,2203,1838]} 1. e4 e5 2. Nf3 Nf6 3. Nxe5 d6 4. Nf3 Nxe4 5. Nc3 Nxc3 6. dxc3 Be7 7. Be3 Nc6 8. Qd2 h6 {C42: Petroff Defence: 3 Nxe5 and unusual White 3rd moves} (8... Be6 9. O-O-O Qd7 10. Kb1 Bf6 11. h4 O-O-O 12. Bg5 Qe7 13. Qf4 h6 14. Bxf6 Qxf6 15. Qxf6 gxf6 16. Nd4 Ne5 {½-½ (36) Vachier Lagrave,M (2778)-Yu,Y (2764) Shenzhen 2018}) 9. O-O-O Be6 10. a3 Qd7 {White has an edge.} 11. Be2 Bf6 $146 ({Predecessor:} 11... a6 12. Nd4 Nxd4 13. Bxd4 Rg8 14. c4 c5 15. Be3 Qa4 16. Bf3 Qxc4 17. Bxb7 {½-½ (72) Bok,B (2636)-Akobian,V (2647) Saint Louis 2018}) 12. Rhe1 a6 13. Kb1 O-O-O 14. Nd4 Nxd4 15. Bxd4 Bxd4 16. Qxd4 Kb8 17. Qxg7 Rhg8 18. Qxh6 Rxg2 19. Qh4 Qc8 20. Qf4 Rdg8 21. h4 Bg4 22. f3 Qf5 23. Qe3 Bh5 24. Rd4 $1 f6 25. Rf4 Qe5 26. Bc4 Rh8 27. Qc1 Qc5 28. Bd3 Bg6 29. Rc4 ({White should try} 29. Bxg6 $16 Rxg6 30. Qd2) 29... Qf2 (29... Qd5 $11) 30. Bxg6 Rxg6 31. Qe3 $36 {[%mdl 2048] White is pushing.} Qh2 {[#]} (31... Qxe3 $14 32. Rxe3 b5) 32. Qe7 $1 $16 d5 33. Rd4 Rc8 34. Qe6 ({Don't play} 34. Rxd5 Qxh4 35. Red1 Rg2 $16) 34... Rcg8 $2 (34... Qf2 $16 35. Rxd5 Rh8) 35. Qxd5 $18 Rg2 $2 (35... Qd6 {might work better.} 36. Qxd6 cxd6 37. Rxd6 Kc7) 36. Rb4 {[%csl Gb4][%cal Rd5b7]} b6 37. Ka2 Rc8 38. Re6 Qg1 39. Qe4 Rh2 (39... Rgg8 $142 40. Qf4 Ka7 41. Rbxb6 Qxb6 42. Rxb6 cxb6 43. Qxf6 Rc7) 40. Qf4 Ka7 {[#]} 41. Rbxb6 $1 {[%mdl 512] Accuracy: White = 82%, Black = 41%.} 1-0

[Event "Marienbad Open-A2 2019"]
[Site "Marianske Lazne"]
[Date "2019.01.25"]
[Round "8"]
[White "Kriebel, Tadeas"]
[Black "Vokac, Marek"]
[Result "1/2-1/2"]
[WhiteElo "2519"]
[BlackElo "2380"]
[Annotator "TA"]
[PlyCount "82"]
[EventDate "2019.01.17"]
[EventType "tourn"]
[EventCountry "CZE"]
[SourceTitle "playchess.com"]
[Source "ChessBase"]
[SourceQuality "1"]

{[%evp 30,82,26,20,27,20,67,70,78,79,108,116,118,111,114,103,104,102,117,118,116,106,131,93,77,84,88,68,94,79,88,79,85,90,82,57,62,0,0,0,0,0,0,-8,0,0,0,0,0,0,0,0,0,0,0]} 1. e4 e5 2. Nf3 Nc6 3. Bb5 a6 4. Ba4 Nf6 5. O-O Be7 6. Re1 b5 7. Bb3 d6 8. c3 O-O 9. h3 h6 10. d4 Re8 11. Nbd2 Bf8 12. a4 Bb7 13. Bc2 Qd7 14. d5 {C92: Closed Ruy Lopez: 9...Be6, Karpov and Flohr-Zaitsev Variations} Ne7 15. b3 c6 16. c4 {LiveBook: 17 Games. White has an edge.} Rec8 (16... b4 17. dxc6 Bxc6 18. Nf1 Qb7 19. Ng3 Nd7 20. Be3 Rad8 21. a5 Nc5 {1-0 (88) Moiseenko,V (2554)-Mikaelyan,A (2495) Yerevan 2018}) 17. Bd3 $146 ({Predecessor:} 17. Nf1 Ng6 18. axb5 axb5 19. Rxa8 Rxa8 20. Ng3 Qc7 21. Be3 b4 22. Nf5 {½-½ (37) Moskalenko,E (2045)-Sherwood,R (2124) LSS email 2011}) 17... cxd5 18. cxd5 Ng6 19. Nf1 Nf4 20. Bxf4 $1 exf4 21. axb5 axb5 22. Rxa8 Rxa8 23. Nd4 Qd8 24. Bxb5 Qb6 25. Ba4 g6 26. Nc6 Nd7 27. Nd2 Nc5 28. Nc4 Qc7 $1 29. e5 {Hoping for Bb5.} Nxa4 30. bxa4 Bxc6 31. exd6 ({Much weaker is} 31. dxc6 Qxc6 32. Nxd6 Rxa4 $11) 31... Bxd6 32. dxc6 Bb4 33. Re4 (33. Re2 $1 $14) 33... Qxc6 $11 {[%mdl 64] [#] Double Attack. The position is equal.} 34. Rxf4 {aiming for Ne5.} Qxa4 35. Qd5 Qe8 36. Ne5 Ra5 37. Qxf7+ Qxf7 38. Nxf7 Bf8 39. h4 Bg7 40. g4 {[%cal Bg2g4,Bg4g5][%mdl 32]} Rd5 41. g5 h5 {Accuracy: White = 77%, Black = 68%.} 1/2-1/2

[Event "Marienbad Open-A2 2019"]
[Site "Marianske Lazne"]
[Date "2019.01.25"]
[Round "8"]
[White "Simacek, Pavel"]
[Black "Liu, Guanchu"]
[Result "1/2-1/2"]
[WhiteElo "2481"]
[BlackElo "2425"]
[Annotator "TA"]
[PlyCount "33"]
[EventDate "2019.01.17"]
[EventType "tourn"]
[EventCountry "CZE"]
[SourceTitle "playchess.com"]
[Source "ChessBase"]
[SourceQuality "1"]

{[%evp 13,14,4,14]} 1. Nf3 Nf6 2. c4 b6 3. b3 e6 4. g3 Bb7 5. Bg2 Be7 6. Bb2 O-O 7. O-O c5 {LiveBook: 1124 Games} {Predecessor:} 8. Nc3 $146 d5 9. e3 Qc8 10. Rc1 Rd8 11. cxd5 Nxd5 12. Nxd5 Bxd5 13. d4 a5 14. dxc5 bxc5 15. Nh4 Bxg2 16. Qg4 Bf8 17. Nxg2 {½-½ (64) Artemiev,V (2706)-Kramnik,V (2779) Douglas 2018} 1/2-1/2

[Event "Marienbad Open-A2 2019"]
[Site "Marianske Lazne"]
[Date "2019.01.25"]
[Round "8"]
[White "Gungl, Theo"]
[Black "Yeritsyan, Aram"]
[Result "1-0"]
[WhiteElo "2368"]
[BlackElo "2349"]
[Annotator "NA"]
[PlyCount "85"]
[EventDate "2019.01.17"]
[EventType "tourn"]
[EventCountry "CZE"]
[SourceTitle "playchess.com"]
[Source "ChessBase"]
[SourceQuality "1"]
[TimeControl "40/5400+30:1800+30"]

1. d4 {[%emt 0:00:00]} Nf6 {[%emt 0:01:31]} 2. c4 {[%emt 0:00:00]} e6 {[%emt 0:00:02]} 3. Nc3 {[%emt 0:00:00]} Bb4 {[%emt 0:00:03]} 4. e3 {[%emt 0:00:00]} d5 {[%emt 0:00:02]} 5. Nge2 {[%emt 0:00:54]} dxc4 {[%emt 0:00:05]} 6. a3 {[%emt 0:12:40]} Ba5 {[%emt 0:02:40]} 7. Qa4+ {[%emt 0:01:49]} Nc6 {[%emt 0:00:25]} 8. Qxc4 {[%emt 0:00:42]} O-O {[%emt 0:00:54]} 9. b4 {[%emt 0:06:51]} Bb6 {[%emt 0:00:04]} 10. g3 {[%emt 0:02:54]} e5 {[%emt 0:06:07]} 11. d5 {[%emt 0:00:13]} Ne7 {[%emt 0:00:09]} 12. Bg2 {[%emt 0:00:44]} c6 {[%emt 0:02:43]} 13. e4 cxd5 {[%emt 0:01:59]} 14. exd5 {[%emt 0:08:20]} Bf5 {[%emt 0:07:54]} 15. Bg5 {[%emt 0:14:59]} Rc8 {[%emt 0:03:23]} 16. Qa2 {[%emt 0:06:41]} Ne8 {[%emt 0:14:02]} 17. Rd1 {[%emt 0:04:25]} Nd6 {[%emt 0:00:55]} 18. O-O {[%emt 0:00:57]} f6 {[%emt 0:01:14]} 19. Bc1 {[%emt 0:01:07]} Qd7 {[%emt 0:00:58]} 20. Qb3 {[%emt 0:08:20]} Rc4 {[%emt 0:09:37]} 21. Bb2 {[%emt 0:01:24]} Rfc8 {[%emt 0:03:31]} 22. Rc1 {[%emt 0:00:18]} Bh3 {[%emt 0:01:41]} 23. Qd1 {[%emt 0:09:50]} Ng6 {[%emt 0:01:42]} 24. Na4 {[%emt 0:04:48]} Bxg2 {[%emt 0:07:53]} 25. Kxg2 {[%emt 0:00:14]} Nh4+ {[%emt 0:18:39]} 26. gxh4 {[%emt 0:01:48]} Rxh4 {[%emt 0:00:03]} 27. Rxc8+ {[%emt 0:02:41]} Qxc8 {[%emt 0:00:04]} 28. Ng1 {[%emt 0:01:34]} Qf5 {[%emt 0:03:21]} 29. Nxb6 {[%emt 0:04:16]} Qg6+ {[%emt 0:02:29]} 30. Kh1 {[%emt 0:00:07]} e4 {[%emt 0:00:02]} 31. Qb3 {[%emt 0:01:32]} Qh5 {[%emt 0:03:01]} 32. Qg3 {[%emt 0:00:42]} Nf5 {[%emt 0:00:04]} 33. Qb8+ {[%emt 0:00:09]} Kf7 {[%emt 0:00:01]} 34. Nd7 {[%emt 0:00:47]} Qg4 {[%emt 0:02:19]} 35. Bxf6 {[%emt 0:01:28]} gxf6 {[%emt 0:01:13]} 36. Qf8+ {[%emt 0:00:04]} Kg6 {[%emt 0:00:02]} 37. Qxf6+ {[%emt 0:00:05]} Kh5 {[%emt 0:00:02]} 38. Qf7+ {[%emt 0:00:35]} Kh6 {[%emt 0:00:09]} 39. Qf6+ {[%emt 0:00:39]} Kh5 {[%emt 0:00:03]} 40. Qf7+ {[%emt 0:00:15]} Kh6 {[%emt 0:00:54]} 41. Qe6+ {[%emt 0:32:35]} Kg5 {[%emt 0:30:27]} 42. Qg8+ {[%emt 0:00:12]} Kf4 {[%emt 0:00:15]} 43. Qxg4+ {[%emt 0:00:08]} 1-0

[Event "Marienbad Open-A2 2019"]
[Site "Marianske Lazne"]
[Date "2019.01.25"]
[Round "8"]
[White "Swicarz, Maciej"]
[Black "Swayams, Mishra"]
[Result "0-1"]
[WhiteElo "2331"]
[BlackElo "2432"]
[Annotator "TA"]
[PlyCount "62"]
[EventDate "2019.01.17"]
[EventType "tourn"]
[EventCountry "CZE"]
[SourceTitle "playchess.com"]
[Source "ChessBase"]
[SourceQuality "1"]

{[%evp 10,62,46,18,42,25,37,-41,-41,-67,-35,-79,-83,-77,-85,-123,-121,-149,-147,-168,-163,-255,-277,-247,-179,-290,-277,-298,-310,-286,-275,-454,-459,-451,-440,-401,-288,-302,-291,-266,-192,-203,-190,-175,-189,-180,-189,-225,-219,-205,-214,-29973,-29975,-6531,-6519]} 1. d4 Nf6 2. c4 e6 3. Nc3 Bb4 4. f3 Nh5 5. g3 (5. Nh3 f5 6. Bg5 Be7 7. Bxe7 Qxe7 8. e4 O-O 9. e5 f4 10. Bd3 d6 11. exd6 Qh4+ 12. Nf2 cxd6 {1-0 (36) Belous,V (2584)-Dubov,D (2614) Moscow 2014}) 5... f5 6. e4 {LiveBook: 3 Games. E20: Nimzo-Indian: 4 g3 and 4 f3} O-O 7. Bg2 d6 {[%cal Bd7d6,Bd6c5,Bc5d4][%mdl 32]} 8. Qb3 $146 (8. f4 $14 Bxc3+ 9. bxc3) ({Predecessor:} 8. f4 Nf6 9. e5 Ne4 10. Bd2 Bxc3 11. Bxc3 Nxc3 12. bxc3 dxe5 13. fxe5 {1-0 (68) Bluvshtein,M (2354)-Royset,P (2280) Gausdal 2002}) 8... c5 $15 9. Nge2 Nc6 10. a3 Bxc3+ 11. Qxc3 fxe4 12. dxc5 dxc5 13. fxe4 e5 14. Be3 Nd4 15. Bxd4 (15. Bd2 {is a better defense.}) 15... cxd4 $19 16. Qd3 Bg4 17. Nc1 (17. Ng1 $142) 17... Rc8 ({Not} 17... Qf6 18. Qd2 $17) 18. Nb3 Rc6 ({Don't take} 18... Qf6 19. Rf1 $19) 19. Nd2 Rcf6 {[#] ...Rf2 is the strong threat.} ({Less strong is} 19... Qf6 20. Rf1 $17) 20. Rf1 $2 (20. h3 Be6 21. Bf3 Nxg3 22. Rg1) 20... Rxf1+ 21. Nxf1 Qf6 {[%csl Gf8][%cal Rf6f2]} 22. Qd2 d3 23. Qe3 Be2 24. Nd2 g6 25. Rc1 Ng7 $36 {[%mdl 2048] Black has strong initiative.} 26. Bh3 Ne6 27. Bxe6+ Qxe6 28. Qc5 {Qd5 would now be nice for White.} Qh3 29. Qg1 Qh5 30. Qg2 $2 (30. Rc3 $19) 30... Qh6 31. Qg1 {[#]} Rf1+ $1 {[%mdl 576] Pin. Accuracy: White = 32%, Black = 88%.} 0-1

[Event "Marienbad Open-A2 2019"]
[Site "Marianske Lazne"]
[Date "2019.01.26"]
[Round "9"]
[White "Swayams, Mishra"]
[Black "Kriebel, Tadeas"]
[Result "0-1"]
[WhiteElo "2432"]
[BlackElo "2519"]
[Annotator "ChessBase"]
[PlyCount "184"]
[EventDate "2019.01.17"]
[EventType "tourn"]
[EventCountry "CZE"]
[SourceTitle "playchess.com"]
[Source "ChessBase"]
[SourceQuality "1"]
[TimeControl "40/5400+30:1800+30"]

1. d4 {[%emt 0:00:58]} Nf6 {[%emt 0:05:25]} 2. Nf3 {[%emt 0:00:07]} g6 {[%emt 0:00:46]} 3. Bg5 {[%emt 0:00:07]} Bg7 {[%emt 0:00:08]} 4. Nbd2 {[%emt 0:00:07]} O-O {[%emt 0:00:31]} 5. c3 {[%emt 0:00:04]} d6 {[%emt 0:00:25]} 6. e4 {[%emt 0:00:09]} h6 {[%emt 0:01:53]} 7. Bh4 {[%emt 0:00:11]} Bg4 {[%emt 0:03:30]} 8. h3 {[%emt 0:03:09]} Bxf3 {[%emt 0:00:23]} 9. Qxf3 {[%emt 0:00:03]} Nbd7 {[%emt 0:02:00]} 10. Be2 {[%emt 0:03:39]} c5 {[%emt 0:01:55]} 11. d5 {[%emt 0:04:01]} a6 {[%emt 0:02:07]} 12. a4 {[%emt 0:07:16]} b5 {[%emt 0:00:38]} 13. O-O {[%emt 0:00:52]} c4 {[%emt 0:01:22]} 14. axb5 {[%emt 0:06:34]} axb5 {[%emt 0:00:04]} 15. b3 {[%emt 0:00:36]} Qb6 {[%emt 0:05:52]} 16. bxc4 {[%emt 0:44:44]} Ne5 {[%emt 0:01:29]} 17. Qe3 {[%emt 0:00:07]} Qxe3 {[%emt 0:00:05]} 18. fxe3 {[%emt 0:00:02]} g5 {[%emt 0:03:36]} 19. Bf2 {[%emt 0:09:06]} Nxc4 {[%emt 0:05:39]} 20. Bxc4 {[%emt 0:00:07]} bxc4 {[%emt 0:00:05]} 21. Rfc1 {[%emt 0:00:05]} Rfc8 {[%emt 0:04:43]} 22. Kf1 {[%emt 0:00:19]} Nd7 {[%emt 0:00:27]} 23. Rxa8 {[%emt 0:03:40]} Rxa8 {[%emt 0:00:02]} 24. Nxc4 {[%emt 0:00:06]} Ra4 {[%emt 0:09:37]} 25. Nd2 {[%emt 0:00:52]} Ra2 {[%emt 0:00:18]} 26. Be1 {[%emt 0:10:52]} Nc5 {[%emt 0:00:12]} 27. c4 {[%emt 0:00:13]} Kh7 {[%emt 0:03:27]} 28. Rb1 {[%emt 0:02:09]} Kg6 {[%emt 0:00:25]} 29. Rd1 {[%emt 0:02:30]} Bc3 {[%emt 0:05:34]} 30. Nf3 {[%emt 0:00:21]} Bxe1 {[%emt 0:00:58]} 31. Rxe1 {[%emt 0:01:44]} Nxe4 {[%emt 0:00:20]} 32. Rd1 {[%emt 0:00:32]} Rc2 {[%emt 0:00:47]} 33. Rd4 {[%emt 0:00:31]} Ng3+ {[%emt 0:00:16]} 34. Ke1 {[%emt 0:00:03]} Re2+ {[%emt 0:01:19]} 35. Kd1 {[%emt 0:00:01]} Rxe3 {[%emt 0:00:17]} 36. Rd2 {[%emt 0:00:28]} Ne4 {[%emt 0:02:53]} 37. Rb2 {[%emt 0:00:46]} f5 {[%emt 0:01:17]} 38. Rb8 {[%emt 0:00:37]} g4 {[%emt 0:04:11]} 39. hxg4 {[%emt 0:00:01]} fxg4 {[%emt 0:00:06]} 40. Ne1 {[%emt 0:00:26]} Rc3 {[%emt 0:03:32]} 41. Rg8+ {[%emt 0:02:41]} Kf7 {[%emt 0:05:50]} 42. Rxg4 {[%emt 0:01:14]} Rxc4 {[%emt 0:00:05]} 43. Rf4+ {[%emt 0:00:39]} Kg6 {[%emt 0:00:06]} 44. Nd3 {[%emt 0:00:59]} Nc3+ {[%emt 0:00:13]} 45. Kd2 {[%emt 0:00:09]} Rxf4 {[%emt 0:00:04]} 46. Nxf4+ {[%emt 0:00:03]} Kf5 {[%emt 0:00:05]} 47. Ke3 {[%emt 0:00:43]} Kg4 {[%emt 0:02:16]} 48. Ng6 {[%emt 0:03:58]} Nxd5+ {[%emt 0:01:59]} 49. Kd4 {[%emt 0:00:02]} Kf5 {[%emt 0:01:44]} 50. Nh4+ {[%emt 0:00:23]} Ke6 {[%emt 0:00:05]} 51. Ke4 {[%emt 0:01:00]} Nf6+ {[%emt 0:00:51]} 52. Kf4 {[%emt 0:00:04]} Nh5+ {[%emt 0:04:18]} 53. Kg4 {[%emt 0:00:32]} Ng7 {[%emt 0:00:11]} 54. Kf4 {[%emt 0:01:20]} Kf6 {[%emt 0:00:11]} 55. Ke4 {[%emt 0:01:44]} e6 {[%emt 0:00:14]} 56. Nf3 {[%emt 0:00:50]} h5 {[%emt 0:00:27]} 57. Nd2 {[%emt 0:01:11]} d5+ {[%emt 0:00:43]} 58. Kf3 {[%emt 0:00:20]} Kg5 {[%emt 0:00:23]} 59. Nb3 {[%emt 0:00:36]} e5 {[%emt 0:00:39]} 60. Nc5 {[%emt 0:00:17]} e4+ {[%emt 0:00:27]} 61. Kf2 {[%emt 0:01:38]} Kf4 {[%emt 0:01:00]} 62. g3+ {[%emt 0:00:34]} Ke5 {[%emt 0:00:13]} 63. Nd7+ {[%emt 0:00:08]} Ke6 {[%emt 0:00:19]} 64. Nf8+ {[%emt 0:00:15]} Kf5 {[%emt 0:00:21]} 65. Nd7 {[%emt 0:01:13]} d4 {[%emt 0:00:17]} 66. Nb6 {[%emt 0:00:05]} Ne8 {[%emt 0:00:54]} 67. Nd5 {[%emt 0:00:43]} Nf6 {[%emt 0:00:10]} 68. Ne7+ {[%emt 0:00:06]} Ke6 {[%emt 0:00:15]} 69. Ng6 {[%emt 0:00:32]} Kd5 {[%emt 0:00:29]} 70. Ke2 {[%emt 0:00:24]} d3+ {[%emt 0:00:47]} 71. Kd1 {[%emt 0:01:38]} e3 {[%emt 0:00:12]} 72. Nf4+ {[%emt 0:00:06]} Ke4 {[%emt 0:00:05]} 73. Ne6 {[%emt 0:00:04]} Ng4 {[%emt 0:00:57]} 74. Nc5+ {[%emt 0:00:09]} Kd4 {[%emt 0:00:06]} 75. Ne6+ {[%emt 0:01:49]} Kc3 {[%emt 0:00:13]} 76. Nf4 {[%emt 0:00:04]} Nf2+ {[%emt 0:00:08]} 77. Ke1 {[%emt 0:00:02]} d2+ {[%emt 0:00:14]} 78. Ke2 {[%emt 0:00:01]} d1=Q+ {[%emt 0:00:12]} 79. Kxe3 {[%emt 0:00:05]} Ng4+ {[%emt 0:00:17]} 80. Ke4 {[%emt 0:00:02]} Qc2+ {[%emt 0:00:10]} 81. Kf3 {[%emt 0:00:17]} Nh2+ {[%emt 0:01:43]} 82. Ke3 {[%emt 0:00:02]} Nf1+ {[%emt 0:00:06]} 83. Kf3 {[%emt 0:00:05]} Nd2+ {[%emt 0:00:07]} 84. Kf2 {[%emt 0:00:14]} Qf5 {[%emt 0:00:31]} 85. Kg2 {[%emt 0:00:14]} Qe4+ {[%emt 0:00:05]} 86. Kg1 {[%emt 0:00:20]} Qe1+ {[%emt 0:00:04]} 87. Kh2 {[%emt 0:00:16]} Nf1+ {[%emt 0:00:06]} 88. Kh1 {[%emt 0:00:11]} Nxg3+ {[%emt 0:00:07]} 89. Kg2 {[%emt 0:00:03]} Ne4 {[%emt 0:00:40]} 90. Kf3 {[%emt 0:00:29]} Nd2+ {[%emt 0:00:10]} 91. Kg2 {[%emt 0:00:09]} Qf1+ {[%emt 0:00:07]} 92. Kg3 {[%emt 0:00:03]} Qf3+ {[%emt 0:00:05]} 0-1

[Event "Marienbad Open-A2 2019"]
[Site "Marianske Lazne"]
[Date "2019.01.26"]
[Round "9"]
[White "Liu, Guanchu"]
[Black "Swicarz, Maciej"]
[Result "1-0"]
[WhiteElo "2425"]
[BlackElo "2331"]
[Annotator "RC"]
[PlyCount "51"]
[EventDate "2019.01.17"]
[EventType "tourn"]
[EventCountry "CZE"]
[SourceTitle "playchess.com"]
[Source "ChessBase"]
[SourceQuality "1"]
[TimeControl "40/5400+30:1800+30"]

1. e4 {[%emt 0:00:00]} c5 {[%emt 0:00:00]} 2. Ne2 {[%emt 0:00:59]} Nf6 {[%emt 0:00:06]} 3. Nbc3 {[%emt 0:00:24]} d6 {[%emt 0:00:07]} 4. d4 {[%emt 0:00:38]} cxd4 {[%emt 0:00:09]} 5. Nxd4 {[%emt 0:00:06]} a6 {[%emt 0:00:09]} 6. Be3 {[%emt 0:05:44]} e5 {[%emt 0:00:12]} 7. Nf3 {[%emt 0:00:06]} Be7 {[%emt 0:01:58]} 8. Bc4 {[%emt 0:00:09]} Be6 {[%emt 0:02:34]} 9. Bxe6 {[%emt 0:07:47]} fxe6 {[%emt 0:00:04]} 10. Ng5 {[%emt 0:00:05]} Qd7 {[%emt 0:03:50]} 11. Qf3 {[%emt 0:00:49]} d5 {[%emt 0:42:41]} 12. O-O-O {[%emt 0:11:32]} d4 {[%emt 0:00:43]} 13. Bxd4 {[%emt 0:00:33]} exd4 {[%emt 0:00:37]} 14. e5 {[%emt 0:00:03]} Nc6 {[%emt 0:34:15]} 15. exf6 {[%emt 0:02:46]} Bxf6 {[%emt 0:00:02]} 16. Nce4 {[%emt 0:17:45]} Qe7 {[%emt 0:00:01]} 17. Qh5+ {[%emt 0:06:26]} g6 {[%emt 0:01:36]} 18. Qg4 {[%emt 0:00:09]} e5 {[%emt 0:00:26]} 19. Ne6 {[%emt 0:00:44]} Kf7 {[%emt 0:01:17]} 20. N6c5 {[%emt 0:00:48]} b6 {[%emt 0:07:07]} 21. Nd7 {[%emt 0:04:29]} Bg7 {[%emt 0:01:09]} 22. Qf3+ {[%emt 0:01:10]} Ke6 {[%emt 0:00:09]} 23. Nxb6 {[%emt 0:00:35]} Rab8 {[%emt 0:01:07]} 24. Qb3+ {[%emt 0:00:15]} Kf5 {[%emt 0:00:19]} 25. Qh3+ {[%emt 0:00:14]} Kxe4 {[%emt 0:00:18]} 26. Qf3# {Kd5} 1-0

[Event "Marienbad Open-A2 2019"]
[Site "Marianske Lazne"]
[Date "2019.01.26"]
[Round "9"]
[White "Vokac, Marek"]
[Black "Kovalev, Andrei"]
[Result "1/2-1/2"]
[WhiteElo "2380"]
[BlackElo "2520"]
[Annotator "TA"]
[PlyCount "46"]
[EventDate "2019.01.17"]
[EventType "tourn"]
[EventCountry "CZE"]
[SourceTitle "playchess.com"]
[Source "ChessBase"]
[SourceQuality "1"]

{[%evp 14,15,5,15]} 1. d4 d5 2. c4 e6 3. Nc3 Nf6 4. Bg5 Be7 5. e3 h6 6. Bxf6 Bxf6 7. Nf3 O-O 8. Rc1 {LiveBook: 1007 Games} {Predecessor:} c6 $146 9. Bd3 Nd7 10. O-O dxc4 11. Bxc4 e5 12. Bb3 exd4 13. exd4 Re8 14. h3 Nb6 15. Re1 Bf5 16. g4 Bg6 17. Rxe8+ Qxe8 18. Qd2 Qd7 19. Qf4 Re8 20. Rd1 Qc8 21. Ne5 Bxe5 22. dxe5 Rd8 23. Rd4 Qc7 {1-0 (43) Radjabov,T (2751)-Sargissian,G (2691) Batumi 2018} 1/2-1/2

[Event "Marienbad Open-A2 2019"]
[Site "Marianske Lazne"]
[Date "2019.01.26"]
[Round "9"]
[White "Yeritsyan, Aram"]
[Black "Simacek, Pavel"]
[Result "1/2-1/2"]
[WhiteElo "2349"]
[BlackElo "2481"]
[Annotator "TA"]
[PlyCount "100"]
[EventDate "2019.01.17"]
[EventType "tourn"]
[EventCountry "CZE"]
[SourceTitle "playchess.com"]
[Source "ChessBase"]
[SourceQuality "1"]

{[%evp 9,100,14,16,16,25,15,16,0,38,43,42,39,34,39,45,35,56,70,72,18,46,33,40,40,41,12,12,7,70,60,60,60,50,36,104,56,71,74,79,63,99,106,133,0,43,0,0,0,0,0,0,0,0,0,0,0,0,0,0,0,0,0,0,0,0,0,0,0,0,0,0,0,0,0,0,0,0,0,0,0,0,0,0,0,0,0,0,0,0,0,0,0,0]} 1. e4 e5 ({Predecessor:} 1... c6 2. Nc3 e5 {0-1 (36) Muresan,M (1001)-Bibis,V (1080) Calimanesti 2018}) 2. Bc4 c6 3. Nc3 $146 (3. d4 d5 4. exd5 cxd5 5. Bb5+ Nc6 6. dxe5 Bc5 7. Nf3 Qb6 8. Nc3 Bxf2+ 9. Kf1 d4 10. Ne4 Qxb5+ 11. Kxf2 {½-½ (54) Rublevsky,S (2688)-Nepomniachtchi,I (2707) Novosibirsk 2012}) 3... b5 4. Bb3 a5 5. a4 ({Predecessor:} 5. Qh5 g6 6. Bxf7+ Kxf7 7. Qf3+ Ke8 8. Nh3 b4 9. d3 bxc3 10. Bg5 Be7 11. bxc3 Bxg5 {0-1 (36) Muresan,M (1001)-Bibis,V (1080) Calimanesti 2018}) 5... b4 $1 {[%cal Rb4c3]} 6. Nce2 {C23: Bishop's Opening: 2...Bc5} d5 7. Nf3 {With the idea exd5.} Nf6 8. Ng3 Bc5 9. Nxe5 Bd4 10. Nf3 $1 {[%cal Rf3d4]} dxe4 11. Nxd4 Qxd4 12. c3 Qd6 13. O-O $1 O-O 14. Re1 (14. f3 $1 $16) 14... Nbd7 15. d4 exd3 16. Nf5 Qc7 17. Ne7+ Kh8 18. Nxc8 (18. Qxd3 $2 Nc5 $19) 18... Nc5 (18... Raxc8 $11 19. Qxd3 Rfe8 20. Rxe8+ Rxe8) 19. cxb4 $1 $14 (19. Ne7 Nxb3 20. Qxb3 Ng4 $11) 19... axb4 20. Bc4 Rfxc8 21. Be3 Ra5 ({Black should try} 21... Nfd7 $14) 22. Bxd3 Nxd3 23. Qxd3 Ng4 {[#]} 24. g3 $1 Ne5 25. Qe4 Qd7 {[#]} 26. Rad1 (26. Red1 $1 $16 {[%cal Rd1d7]} Qe6 27. Bd4 (27. Qxb4 Rd5 $14)) 26... f5 $1 27. Qxb4 ({But not} 27. Qxe5 Qxd1 28. Rxd1 Rxe5 $17) 27... Rd5 $36 {[%mdl 2048] The position is equal. Black has good play.} 28. Rxd5 Qxd5 29. Rc1 Nf3+ 30. Kf1 Nxh2+ 31. Kg1 Nf3+ 32. Kf1 Nh2+ 33. Kg1 Nf3+ 34. Kf1 Ne5 35. Kg1 Re8 36. Qc5 Qe4 {aiming for ...Nd3.} 37. Qc2 {next Qxe4 is good for White.} Nf3+ 38. Kf1 {Strongly threatening Qxe4.} Qg4 39. Kg2 Nh4+ 40. Kh2 Nf3+ 41. Kg2 f4 42. Qxc6 {[%cal Rc6e8]} Nh4+ $1 43. Kg1 {[%cal Rc6e8]} Rd8 44. Bxf4 h6 45. Bxh6 Rd1+ 46. Kh2 $1 {And now Qc8+ would win.} ({Avoid the trap} 46. Rxd1 $2 Qxd1+ 47. Kh2 Nf3+ 48. Qxf3 Qxf3 $19) 46... Nf3+ 47. Kg2 Ne1+ 48. Kg1 {Threatens to win with Qc8+.} Nf3+ {[%mdl 64] Discovered Attack (Double check)} 49. Kg2 Ne1+ 50. Kg1 {Black must now prevent Qc8+.} Nf3+ {[%mdl 64] Discovered Attack (Double check). Accuracy: White = 69%, Black = 65%.} 1/2-1/2